| 000 | 00743nam a2200265Ia 4500 | ||
|---|---|---|---|
| 001 | Para_4423 | ||
| 003 | CHAP | ||
| 008 | 220125s1920 xx 000 0 und d | ||
| 010 | _a202924 | ||
| 040 | _cCHAP | ||
| 090 | _aPA FOLLETO 1657 | ||
| 100 |
_aWhite, G. F _9121688 |
||
| 245 |
_aAmerican foulbrood / _c by G. F. White |
||
| 260 |
_aWashington : _b Department of Agriculture |
||
| 300 | _a46 p. + 8 láms. | ||
| 440 |
_aEUA. Depart. of Agriculture; Bull.; 809 _9168427 |
||
| 650 |
_aAbejas _x Enfermedades Loque americana _9168428 |
||
| 901 | _aPA FOLLETO 1657 | ||
| 902 | _aA | ||
| 905 | _a0000001920 WASf 0000000000 00 | ||
| 910 | _a1920 | ||
| 942 | _cPARA | ||
| 942 |
_cPARA _d1 |
||
| 999 |
_c202924 _d202924 |
||